Tuhá zima /

Kriminální román dvojice dánských autorů, odehrávající se částečně v prostředí městečka Sandsted a během vánočních svátků v Kodani.

Main Author: Faber, Kim, 1955-
Other Authors: Pedersen, Janni, 1968-, Koutecká, Zora, 1977-
Language: Czech
Published: Praha : Dobrovský s.r.o., 2021
Series: Vendeta
Physical Description: 459 stran ; 21 cm
Book
Saved in:
LEADER 02751nam a2200493 i 4500
001 nkc20213347995
003 CZ PrNK
005 20230425142008.0
007 ta
008 210819s2021 xr g 000 f cze
015 |a cnb003347995 
020 |a 978-80-7642-519-4  |q (vázáno) 
035 |a (OCoLC)1378695397 
040 |a ABG001  |b cze  |e rda 
041 1 |a cze  |h dan 
072 7 |a 821.11  |x Germánské literatury  |2 Konspekt  |9 25 
080 |a 821.113.4-31  |2 MRF 
080 |a (0:82-312.4)  |2 MRF 
100 1 |a Faber, Kim,  |d 1955-  |7 xx0263311  |4 aut 
240 1 0 |a Vinterland.  |l Česky 
245 1 0 |a Tuhá zima /  |c Kim Faber, Janni Pedersen ; z dánského originálu Vinterland přeložila Zora Koutecká 
264 1 |a Praha :  |b Dobrovský s.r.o.,  |c 2021 
300 |a 459 stran ;  |c 21 cm 
336 |a text  |b txt  |2 rdacontent 
337 |a bez média  |b n  |2 rdamedia 
338 |a svazek  |b nc  |2 rdacarrier 
490 1 |a Vendeta 
520 2 |a Kriminální román dvojice dánských autorů, odehrávající se částečně v prostředí městečka Sandsted a během vánočních svátků v Kodani.  |b Kvůli přečinu ve službě je životem ošlehaný, cynický komisař Martin Junckersen, častěji však oslovovaný jako Juncker, z řad kodaňské policie přeložen na malou stanici v provinčním městečku Sandsted. Společně s policejním nováčkem ve výcviku a mladou seržantkou se musí vypořádat s problémy v místním azylovém centru. Zároveň pečuje o svého stárnoucího otce trpícího demencí, s nímž měl odjakživa komplikovaný vztah. Když pak na vánočních trzích v centru Kodaně exploduje bomba a Junckerovi je zakázáno zapojit se do vyšetřování, zkušený policista se cítí být na pokraji všeho dění. Ne tak jeho někdejší kolegyně Signe Kristiansenová, která se vydá po stopách domnělého viníka, ale její pátrání záhy skončí ve slepé uličce. Signe však krátce poté obdrží tip, který její vyšetřování zavede na místo, o němž se jí nesnilo ani v nejdivočejších snech. 
655 7 |a dánské romány  |7 fd132169  |2 czenas 
655 7 |a detektivní romány  |7 fd132010  |2 czenas 
655 7 |a thrillery (romány)  |7 fd184206  |2 czenas 
655 9 |a Danish fiction  |2 eczenas 
655 9 |a detective novels  |2 eczenas 
655 9 |a thrillers (novels)  |2 eczenas 
700 1 |a Pedersen, Janni,  |d 1968-  |7 xx0263312  |4 aut 
700 1 |a Koutecká, Zora,  |d 1977-  |7 xx0263940  |4 trl 
787 0 8 |i Z cyklu:  |t Detektiv Martin Juncker  |g 1 
830 0 |a Vendeta  |0 s 
910 2 |a BOA001  |b 2-1487.320 
920 |a 4608974  |z ABG001 
990 |a BK 
995 |a 01 
991 |b 202206  |c NOV 
996 6 |b 2610905295  |c 2-1487.320  |l MZK  |r Sklad / do 1 hodiny  |n 0  |p p.v.  |w 001888390  |u 000010  |a 1  |e BOA001  |j MZK50  |s P